[Event "IX Floripa Chess Open Fort Atacadista"]
[Site "Florianópolis - Santa Catari"]
[Date "2023.01.27"]
[Round "7.243"]
[White "Abilhoa, Felipe Auer"]
[Black "De Souza, Samuel De Deus"]
[Result "0-1"]
[WhiteElo "1249"]
[BlackElo "1800"]
[PlyCount "94"]
[EventDate "2023.01.23"]
[EventRounds "10"]
[EventCountry "BRA"]

1. e4 c5 2. Nc3 g6 3. Bc4 Bg7 4. Nf3 Nc6 5. d3 d6 6. Be3 Qb6 7. Rb1 Nf6 8. O-O
Bg4 9. h3 Bxf3 10. Qxf3 O-O 11. Rfd1 e6 12. Bg5 Qd8 13. a3 h6 14. Bh4 Ne5 15.
Qe3 a6 16. f4 Nc6 17. e5 Nd5 18. Qe1 Qd7 19. exd6 Qxd6 20. Bxd5 exd5 21. Bg3
Qd7 22. Qf2 Bd4 23. Qxd4 cxd4 24. Ne2 Rae8 25. Re1 Ne7 26. Nxd4 Nf5 27. Nxf5
Rxe1+ 28. Rxe1 Qxf5 29. Re7 Rc8 30. Rxb7 Rxc2 31. Ra7 Qxd3 32. Bf2 Rxf2 33.
Kxf2 Qd4+ 34. Ke2 Qxa7 35. Kd3 Qb6 36. Kc3 d4+ 37. Kd3 Qxb2 38. g4 Qxa3+ 39.
Kxd4 Qb4+ 40. Kd3 a5 41. Ke3 a4 42. Kd3 a3 43. Ke3 a2 44. Kd3 a1=Q 45. Ke3
Qaa3+ 46. Ke2 Qbb2+ 47. Kd1 Qaa1# 0-1

[Event "IX Floripa Chess Open Fort Atacadista"]
[Site "Florianópolis - Santa Catari"]
[Date "2023.01.27"]
[Round "7.244"]
[White "Sombrio, Otto De Henrique"]
[Black "Pinto, Pedro Daminelli Lag"]
[Result "1-0"]
[WhiteElo "1239"]
[BlackElo "1800"]
[PlyCount "79"]
[EventDate "2023.01.23"]
[EventRounds "10"]
[EventCountry "BRA"]

1. d4 d5 2. c4 e6 3. Nf3 a6 4. cxd5 exd5 5. Nc3 Nf6 6. Bg5 c6 7. e3 h6 8. Bh4
Be7 9. Bd3 O-O 10. O-O Nbd7 11. Qc2 c5 12. Rfd1 c4 13. Bf1 b5 14. Bxf6 Bxf6 15.
Nxd5 Bb7 16. Nxf6+ Qxf6 17. Be2 Rad8 18. Rd2 Nb6 19. Rad1 Rfe8 20. Ne1 Re6 21.
Bf3 Bd5 22. e4 Rde8 23. e5 Qf4 24. g3 Qg5 25. h4 Qe7 26. Bxd5 Nxd5 27. f4 Rg6
28. Kf2 Nxf4 29. Qe4 Nh5 30. Qf3 Rxg3 31. Qxg3 Nxg3 32. Kxg3 f6 33. exf6 Qe3+
34. Nf3 gxf6 35. Re1 Qxd2 36. Rxe8+ Kf7 37. Nxd2 Kxe8 38. Kf4 Kf7 39. Kf5 Kg7
40. h5 1-0

[Event "IX Floripa Chess Open Fort Atacadista"]
[Site "Florianópolis - Santa Catari"]
[Date "2023.01.27"]
[Round "7.245"]
[White "Marcal Braganca, Joao Victor"]
[Black "Furtado, Ian"]
[Result "1-0"]
[WhiteElo "1235"]
[BlackElo "1584"]
[PlyCount "99"]
[EventDate "2023.01.23"]
[EventRounds "10"]
[EventCountry "BRA"]

1. d4 d5 2. Nf3 Nf6 3. Bf4 Nc6 4. e3 Bf5 5. h3 e6 6. Nbd2 Bb4 7. c3 Ba5 8. Nh4
Be4 9. Nxe4 dxe4 10. f3 Nd7 11. Qb3 Qxh4+ 12. g3 Qd8 13. Qxb7 Ne7 14. fxe4 O-O
15. Bg2 Qb8 16. Qxb8 Raxb8 17. b4 Bb6 18. a4 a5 19. b5 Rbc8 20. c4 c5 21. Rd1
cxd4 22. exd4 Rxc4 23. Bd6 Re8 24. e5 Bxd4 25. Bxe7 Rxe7 26. Bc6 Nxe5 27. b6
Rxc6 28. Rxd4 Rc1+ 29. Ke2 Rc8 30. Rc1 Rb8 31. Rc7 Ree8 32. b7 h6 33. Ke3 f6
34. Rd6 Nf7 35. Rdd7 Rf8 36. Kf4 Rbd8 37. Rxd8 Rxd8 38. Rc8 g5+ 39. Ke3 Rxc8
40. bxc8=Q+ Kg7 41. Qxe6 Kg6 42. Qb6 Ne5 43. Ke2 Nc4 44. Qb5 Na3 45. Qxa5 Nc4
46. Qc3 Nb6 47. a5 Na8 48. a6 h5 49. a7 Nb6 50. Qc6 1-0

[Event "IX Floripa Chess Open Fort Atacadista"]
[Site "Florianópolis - Santa Catari"]
[Date "2023.01.27"]
[Round "7.247"]
[White "Seara, Sophia Parisotto"]
[Black "Leite, Gina Dourado Rocha"]
[Result "1-0"]
[WhiteElo "1739"]
[BlackElo "1430"]
[PlyCount "37"]
[EventDate "2023.01.23"]
[EventRounds "10"]
[EventCountry "BRA"]

1. d4 d5 2. c4 e6 3. Nc3 Bb4 4. Bd2 dxc4 5. Ne4 Nc6 6. Nf3 Nxd4 7. Nxd4 a5 8.
e3 Nf6 9. Ng3 O-O 10. Bxc4 Re8 11. O-O e5 12. Bxb4 axb4 13. Nc2 Bd7 14. Nxb4
Ra4 15. a3 Qa8 16. Bb3 Ra5 17. Nh5 Bg4 18. Nxf6+ gxf6 19. Qxg4+ 1-0

[Event "IX Floripa Chess Open Fort Atacadista"]
[Site "Florianópolis - Santa Catari"]
[Date "2023.01.27"]
[Round "7.248"]
[White "Born, Ary"]
[Black "Da Silva Neto, Edvalte Jose"]
[Result "1-0"]
[WhiteElo "1227"]
[BlackElo "1707"]
[PlyCount "57"]
[EventDate "2023.01.23"]
[EventRounds "10"]
[EventCountry "BRA"]

1. d4 d5 2. Bf4 Nf6 3. Nf3 Ne4 4. c3 f6 5. Nbd2 Bf5 6. e3 Nd7 7. Be2 e6 8. Nh4
g6 9. Nxf5 exf5 10. h3 Qe7 11. Qb3 Nb6 12. O-O Nxd2 13. Qd1 Nxf1 14. Kxf1 g5
15. Bh5+ Kd7 16. Bg3 f4 17. Bg4+ Kd8 18. exf4 Bh6 19. f5 Re8 20. a4 Qf7 21. Bh5
Qg8 22. Bxe8 Qxe8 23. Qf3 Nc4 24. Qxd5+ Nd6 25. Bxd6 Kd7 26. Bf8+ Kc8 27. Bxh6
c6 28. Qe6+ Kc7 29. Qxf6 1-0

[Event "IX Floripa Chess Open Fort Atacadista"]
[Site "Florianópolis - Santa Catari"]
[Date "2023.01.27"]
[Round "8.11"]
[White "Cordero, Daniela"]
[Black "Almiron, Antonio"]
[Result "1/2-1/2"]
[WhiteElo "2027"]
[BlackElo "2334"]
[PlyCount "20"]
[EventDate "2023.01.23"]
[EventRounds "10"]
[EventCountry "BRA"]

1. d4 Nf6 2. Nf3 g6 3. c4 Bg7 4. g3 c5 5. Bg2 O-O 6. O-O Nc6 7. Nc3 d6 8. dxc5
dxc5 9. Bd2 Bf5 10. Qc1 Ne4 1/2-1/2

[Event "IX Floripa Chess Open Fort Atacadista"]
[Site "Florianópolis - Santa Catari"]
[Date "2023.01.27"]
[Round "8.12"]
[White "Lujan, Carolina"]
[Black "Zampronha, Wladimir Camilo"]
[Result "0-1"]
[WhiteElo "2324"]
[BlackElo "2164"]
[PlyCount "100"]
[EventDate "2023.01.23"]
[EventRounds "10"]
[EventCountry "BRA"]

1. e4 c5 2. g3 Nc6 3. Bg2 g6 4. Ne2 Bg7 5. O-O Nf6 6. Nbc3 O-O 7. d3 d6 8. h3
Bd7 9. Be3 b5 10. a3 Rb8 11. Qd2 a5 12. f4 b4 13. axb4 axb4 14. Nd1 Qc7 15. f5
Ra8 16. Rb1 Ne5 17. Bh6 Bc6 18. Bxg7 Kxg7 19. Nf4 Qb7 20. Ne3 g5 21. Nfd5 h6
22. h4 gxh4 23. Nxf6 exf6 24. c3 Bb5 25. d4 Bxf1 26. Rxf1 bxc3 27. bxc3 cxd4
28. cxd4 h3 29. Bh1 Qb3 30. Rf2 Nc4 31. Nxc4 Qxg3+ 32. Kf1 Ra1+ 33. Ke2 Rxh1
34. Qe3 Qg1 35. Kd3 Rb8 36. Nd2 Rb2 37. e5 dxe5 38. dxe5 Rxd2+ 39. Qxd2 Qg3+
40. Kc2 Qxe5 41. Kd3 Ra1 42. Qb2 Rd1+ 43. Kc2 Qxb2+ 44. Kxb2 Rg1 45. Kc3 h5 46.
Rh2 Rg3+ 47. Kd4 Kh6 48. Kd5 Kg5 49. Kd6 Re3 50. Kd5 Kxf5 0-1

[Event "IX Floripa Chess Open Fort Atacadista"]
[Site "Florianópolis - Santa Catari"]
[Date "2023.01.27"]
[Round "8.13"]
[White "Perez, Daniel"]
[Black "Melian, Juan Sebastian"]
[Result "0-1"]
[WhiteElo "2306"]
[BlackElo "2197"]
[PlyCount "112"]
[EventDate "2023.01.23"]
[EventRounds "10"]
[EventCountry "BRA"]

1. e4 c5 2. Nf3 e6 3. b3 d6 4. Bb2 Nf6 5. e5 dxe5 6. Nxe5 Nbd7 7. f4 Qc7 8. Bd3
Be7 9. O-O O-O 10. Rf3 Rd8 11. Rh3 g6 12. Na3 Bf8 13. Nxd7 Nxd7 14. Rxh7 Kxh7
15. Qh5+ Bh6 16. Nb5 Qxf4 17. Rf1 f5 18. Qh3 Qg4 19. Qxg4 fxg4 20. Nc7 Rb8 21.
Nxe6 Re8 22. Nc7 Rf8 23. Re1 Nf6 24. Re7+ Bg7 25. Nd5 Kh8 26. Nf4 Bf5 27. Bxf5
gxf5 28. Ng6+ Kg8 29. Nxf8 Rxf8 30. Rxb7 Rf7 31. Rb8+ Bf8 32. Ba3 Rc7 33. Kf2
Kf7 34. h3 Ne4+ 35. Ke2 Bh6 36. hxg4 fxg4 37. Rh8 Bg7 38. Ra8 Ng3+ 39. Kd3 Rd7+
40. Kc4 Rxd2 41. Rxa7+ Kg6 42. Bxc5 Rxc2+ 43. Kd5 Rxg2 44. b4 Rd2+ 45. Kc6 Ne4
46. Bg1 Rc2+ 47. Kd5 Nc3+ 48. Kc4 Nxa2+ 49. Kb3 Rb2+ 50. Ka3 Rb1 51. Bc5 Nxb4
52. Rd7 Nc2+ 53. Ka4 g3 54. Rd2 Ne1 55. Bd6 g2 56. Bh2 Kf5 0-1

[Event "IX Floripa Chess Open Fort Atacadista"]
[Site "Florianópolis - Santa Catari"]
[Date "2023.01.27"]
[Round "8.15"]
[White "Rodi, Luis Ernesto"]
[Black "Campelo, Leandro Fabricio"]
[Result "1-0"]
[WhiteElo "2295"]
[BlackElo "2125"]
[PlyCount "59"]
[EventDate "2023.01.23"]
[EventRounds "10"]
[EventCountry "BRA"]

1. e4 c5 2. Nc3 e6 3. Nf3 Nc6 4. Bb5 Nge7 5. d4 cxd4 6. Nxd4 Ng6 7. O-O Be7 8.
Be3 O-O 9. f4 a6 10. Nxc6 bxc6 11. Bd3 d5 12. Na4 d4 13. Bd2 c5 14. Qh5 Qc7 15.
b3 Re8 16. Rf3 e5 17. f5 Nf4 18. Qg4 h5 19. Qg3 c4 20. bxc4 Rb8 21. Rxf4 exf4
22. Bxf4 Qc6 23. Bxb8 Qxa4 24. Be5 f6 25. Bxd4 Rd8 26. Be3 Qb4 27. Rf1 Bc5 28.
Qf2 Bxe3 29. Qxe3 Qc3 30. Qb6 1-0

[Event "IX Floripa Chess Open Fort Atacadista"]
[Site "Florianópolis - Santa Catari"]
[Date "2023.01.27"]
[Round "8.16"]
[White "Coro, Lucas"]
[Black "Kropff, Ricardo"]
[Result "1-0"]
[WhiteElo "2272"]
[BlackElo "2125"]
[PlyCount "57"]
[EventDate "2023.01.23"]
[EventRounds "10"]
[EventCountry "BRA"]

1. e4 e5 2. Nf3 Nf6 3. Nxe5 d6 4. Nf3 Nxe4 5. d4 d5 6. Bd3 Nc6 7. O-O Bf5 8.
Re1 Be7 9. Nbd2 Nxd2 10. Qxd2 Bxd3 11. Qxd3 O-O 12. Bf4 Qd7 13. Re2 Bf6 14. c3
Rfe8 15. Rae1 Rxe2 16. Qxe2 Ne7 17. Ne5 Qf5 18. Bg3 c6 19. Ng4 Ng6 20. Nxf6+
Qxf6 21. Qg4 Nf8 22. h4 Ne6 23. h5 Rf8 24. Re3 Qh6 25. Qf5 g6 26. Qf6 Qg7 27.
Qe7 g5 28. Be5 Qh6 29. Bf6 1-0

[Event "IX Floripa Chess Open Fort Atacadista"]
[Site "Florianópolis - Santa Catari"]
[Date "2023.01.27"]
[Round "8.17"]
[White "Calcado, Acyr Rogerio"]
[Black "Ribeiro, Matheus Mendes Domi"]
[Result "1/2-1/2"]
[WhiteElo "2106"]
[BlackElo "2250"]
[PlyCount "87"]
[EventDate "2023.01.23"]
[EventRounds "10"]
[EventCountry "BRA"]

1. e4 c5 2. Nf3 e6 3. d4 cxd4 4. Nxd4 Nc6 5. Nc3 Nf6 6. Nxc6 bxc6 7. Bd3 d5 8.
O-O Be7 9. Re1 d4 10. Ne2 c5 11. e5 Nd5 12. Ng3 Qc7 13. Qg4 g6 14. Ne4 Qxe5 15.
Bb5+ Kd8 16. Qd1 Qc7 17. Qf3 Qa5 18. Qe2 Bd7 19. Bc4 h6 20. Bd2 Qc7 21. Qf3 f5
22. Bxd5 exd5 23. Ng3 Bd6 24. Qxd5 Qc6 25. Qxc6 Bxc6 26. Re6 Kd7 27. Rxg6 Rag8
28. Rxg8 Rxg8 29. f3 Bxg3 30. hxg3 Rxg3 31. Kf2 Rg6 32. Rh1 Bd5 33. a3 Re6 34.
Rxh6 Rxh6 35. Bxh6 Kc6 36. Kg3 Be6 37. Kf4 Kd5 38. b3 c4 39. bxc4+ Kxc4 40. Ke5
Bc8 41. Bd2 d3 42. cxd3+ Kxd3 43. Bb4 Kc4 44. Kf4 1/2-1/2

[Event "IX Floripa Chess Open Fort Atacadista"]
[Site "Florianópolis - Santa Catari"]
[Date "2023.01.27"]
[Round "8.18"]
[White "Dauer, Andre Leonardo"]
[Black "Terao, Juliana Sayumi"]
[Result "0-1"]
[WhiteElo "1990"]
[BlackElo "2243"]
[PlyCount "88"]
[EventDate "2023.01.23"]
[EventRounds "10"]
[EventCountry "BRA"]

1. e4 c5 2. Nf3 e6 3. d4 cxd4 4. Nxd4 a6 5. Bd3 Bc5 6. Nb3 Ba7 7. Nc3 Nc6 8. f4
d6 9. Qf3 Nf6 10. g4 Nd7 11. h4 b5 12. Be3 Bxe3 13. Qxe3 Qb6 14. Qxb6 Nxb6 15.
O-O-O b4 16. Ne2 e5 17. f5 Bb7 18. Ng3 f6 19. Nh5 Kf7 20. g5 Rhg8 21. Rhg1 Rad8
22. Rg3 fxg5 23. hxg5 g6 24. Nf6 Rh8 25. Ng4 h5 26. Nh6+ Kg7 27. Rf1 Rhf8 28.
Rgf3 a5 29. f6+ Kh7 30. Rh3 a4 31. Nd2 Nd4 32. Nf3 Ne6 33. Ng4 Nf4 34. Rh2 Rc8
35. Kb1 b3 36. Nfxe5 dxe5 37. Nxe5 bxc2+ 38. Bxc2 Ne6 39. Rd1 Rfd8 40. Rhd2
Rxd2 41. Rxd2 Nxg5 42. Rd6 Bxe4 43. Bxe4 Nxe4 44. Rxb6 Nd2+ 0-1

[Event "IX Floripa Chess Open Fort Atacadista"]
[Site "Florianópolis - Santa Catari"]
[Date "2023.01.27"]
[Round "8.19"]
[White "Viana Da Costa, Fernando"]
[Black "Lage, Pedro Ferreira"]
[Result "1/2-1/2"]
[WhiteElo "2241"]
[BlackElo "2055"]
[PlyCount "27"]
[EventDate "2023.01.23"]
[EventRounds "10"]
[EventCountry "BRA"]

1. e4 e6 2. d4 d5 3. Nd2 c5 4. Ngf3 cxd4 5. Nxd4 Nc6 6. Bb5 Bd7 7. Nxc6 bxc6 8.
Bd3 Bd6 9. Qe2 Qc7 10. Nf3 e5 11. O-O Ne7 12. Re1 f6 13. c4 d4 14. Qc2 1/2-1/2

[Event "IX Floripa Chess Open Fort Atacadista"]
[Site "Florianópolis - Santa Catari"]
[Date "2023.01.27"]
[Round "8.20"]
[White "Kim, Thiago"]
[Black "Gauche, Charles"]
[Result "1/2-1/2"]
[WhiteElo "1980"]
[BlackElo "2211"]
[PlyCount "80"]
[EventDate "2023.01.23"]
[EventRounds "10"]
[EventCountry "BRA"]

1. e4 e5 2. Nf3 Nc6 3. d4 exd4 4. Bc4 d6 5. Nxd4 Nf6 6. Nc3 Be7 7. O-O O-O 8.
Re1 Bg4 9. f3 Bd7 10. Nxc6 Bxc6 11. Be3 a6 12. a4 Re8 13. Qd2 Bd7 14. a5 Be6
15. Nd5 Nxd5 16. exd5 Bf5 17. Qb4 Bf6 18. c3 Be5 19. f4 Bf6 20. Bf2 Rf8 21.
Qxb7 Rb8 22. Qc6 Bd7 23. Qxa6 Rxb2 24. Rab1 Qb8 25. Bd3 Bxc3 26. Rec1 Bc8 27.
Qc4 Bxa5 28. Bd4 Rb4 29. Rxb4 Qxb4 30. Qxb4 Bxb4 31. Rxc7 Bd2 32. g3 Bh3 33.
Rc2 Ba5 34. Ra2 Bc7 35. Rc2 Bb8 36. Kf2 Rc8 37. Rxc8+ Bxc8 38. Bb6 Bb7 39. Bc4
Kf8 40. Ke3 Ke7 1/2-1/2

[Event "IX Floripa Chess Open Fort Atacadista"]
[Site "Florianópolis - Santa Catari"]
[Date "2023.01.27"]
[Round "8.21"]
[White "Do Valle Cardoso, Lucas"]
[Black "Lima, Kleyton Alcantara"]
[Result "1-0"]
[WhiteElo "2206"]
[BlackElo "2080"]
[PlyCount "66"]
[EventDate "2023.01.23"]
[EventRounds "10"]
[EventCountry "BRA"]

1. e4 e5 2. Nf3 Nc6 3. d4 exd4 4. Bc4 Nf6 5. e5 d5 6. Bb5 Ne4 7. Nxd4 Bd7 8.
Bxc6 bxc6 9. O-O Bc5 10. f3 Ng5 11. f4 Ne4 12. Be3 Qb8 13. Nc3 Qxb2 14. Nxe4
dxe4 15. Qd2 Rd8 16. Rab1 Qa3 17. Rb3 Qa4 18. Qc3 Be7 19. f5 c5 20. Ne2 Bb5 21.
Re1 Bxe2 22. Rxe2 c4 23. Rb1 f6 24. e6 O-O 25. Bf2 Rd5 26. g4 g6 27. fxg6 Re5
28. gxh7+ Kxh7 29. Bd4 Rg5 30. Qh3+ Kg6 31. Be3 Qxa2 32. Rf1 Qa3 33. Rf5 Rb8
1-0

[Event "IX Floripa Chess Open Fort Atacadista"]
[Site "Florianópolis - Santa Catari"]
[Date "2023.01.27"]
[Round "8.22"]
[White "Languidey, Simon Alejandro"]
[Black "Silva, Guilherme Henrique "]
[Result "1-0"]
[WhiteElo "2403"]
[BlackElo "2034"]
[PlyCount "93"]
[EventDate "2023.01.23"]
[EventRounds "10"]
[EventCountry "BRA"]

1. e4 c5 2. Nf3 d6 3. d4 cxd4 4. Nxd4 Nf6 5. Nc3 a6 6. Bg5 e6 7. f4 Be7 8. Qf3
Qc7 9. O-O-O Nbd7 10. g4 b5 11. a3 Rb8 12. Bh4 Nxe4 13. Qxe4 Bb7 14. Nxe6 fxe6
15. Qxe6 Nf8 16. Qxe7+ Qxe7 17. Bxe7 Bxh1 18. Bxd6 Rd8 19. Re1+ Kd7 20. Bb4 Re8
21. Bxb5+ axb5 22. Rxh1 Rb8 23. Re1 Kc6 24. f5 g6 25. f6 g5 26. Re5 h5 27. Rc5+
Kd7 28. Rxg5 hxg4 29. Rxg4 Rxh2 30. Rg8 Re8 31. Rg1 Rf2 32. Be7 Ne6 33. Rd1+
Kc7 34. Nxb5+ Kc6 35. a4 Rh8 36. Kb1 Ng5 37. Rd6+ Kb7 38. a5 Ra8 39. Rb6+ Kc8
40. a6 Ne4 41. a7 Rf1+ 42. Ka2 Rf5 43. c4 Rf2 44. Re6 Nd2 45. Bc5 Rf1 46. Re8+
Kb7 47. Rxa8 1-0

[Event "IX Floripa Chess Open Fort Atacadista"]
[Site "Florianópolis - Santa Catari"]
[Date "2023.01.27"]
[Round "8.24"]
[White "Cominato Neto, Jose Luis"]
[Black "Araujo Filho, Luiz Antonio Coel"]
[Result "1-0"]
[WhiteElo "2260"]
[BlackElo "2089"]
[PlyCount "53"]
[EventDate "2023.01.23"]
[EventRounds "10"]
[EventCountry "BRA"]

1. e4 c6 2. d4 d5 3. exd5 cxd5 4. Bd3 Nc6 5. c3 Qc7 6. h3 e6 7. Nf3 Nf6 8. O-O
Bd6 9. Re1 h6 10. Qe2 Nd7 11. Na3 Bxa3 12. bxa3 Na5 13. a4 Qxc3 14. Bd2 Qc7 15.
Bb4 Nc6 16. Rac1 Qf4 17. Ba3 Nxd4 18. Nxd4 Qxd4 19. Qc2 Qb6 20. Qxc8+ Rxc8 21.
Rxc8+ Qd8 22. Rec1 f5 23. R1c7 a6 24. a5 Kf7 25. Rxd8 Rxd8 26. Rxb7 Kg6 27. Be7
1-0

[Event "IX Floripa Chess Open Fort Atacadista"]
[Site "Florianópolis - Santa Catari"]
[Date "2023.01.27"]
[Round "8.25"]
[White "Peroza, Eduardo Antunes"]
[Black "Caetano, Ryan Wesley Da Cost"]
[Result "1/2-1/2"]
[WhiteElo "2053"]
[BlackElo "2240"]
[PlyCount "58"]
[EventDate "2023.01.23"]
[EventRounds "10"]
[EventCountry "BRA"]

1. e4 c5 2. Nf3 d6 3. d4 cxd4 4. Nxd4 Nf6 5. Nc3 a6 6. h3 e6 7. g4 Nfd7 8. Bg2
Be7 9. Be3 Nc6 10. Nce2 Nde5 11. b3 O-O 12. O-O Ng6 13. c4 Bd7 14. Qd2 Nh4 15.
Bh1 Rc8 16. Rfd1 Qc7 17. Rac1 Nxd4 18. Nxd4 Ng6 19. Bg5 Bxg5 20. Qxg5 Rfd8 21.
Bg2 Qc5 22. Qd2 a5 23. a4 h5 24. Ne2 hxg4 25. hxg4 Bc6 26. Rc3 Rd7 27. Qe3 Qxe3
28. Rxe3 Rcd8 29. f4 Re8 1/2-1/2

[Event "IX Floripa Chess Open Fort Atacadista"]
[Site "Florianópolis - Santa Catari"]
[Date "2023.01.27"]
[Round "8.26"]
[White "Araujo, Renan Aparecido"]
[Black "Pires, Marcos Vinicius Tor"]
[Result "1/2-1/2"]
[WhiteElo "2041"]
[BlackElo "2238"]
[PlyCount "37"]
[EventDate "2023.01.23"]
[EventRounds "10"]
[EventCountry "BRA"]

1. e4 e5 2. Nf3 Nc6 3. Bc4 Bc5 4. c3 Nf6 5. d4 exd4 6. b4 Be7 7. e5 Ng4 8. cxd4
Bxb4+ 9. Kf1 d5 10. Bd3 O-O 11. h3 Nh6 12. Qc2 f5 13. Bxh6 gxh6 14. Qb3 Ba5 15.
Nc3 Be6 16. Na4 Bb6 17. Qc3 Qe7 18. a3 Na5 19. Nd2 1/2-1/2

[Event "IX Floripa Chess Open Fort Atacadista"]
[Site "Florianópolis - Santa Catari"]
[Date "2023.01.27"]
[Round "8.28"]
[White "De Siqueira, Luigy Lira"]
[Black "Rodriguez, Mathias"]
[Result "1-0"]
[WhiteElo "2011"]
[BlackElo "2207"]
[PlyCount "79"]
[EventDate "2023.01.23"]
[EventRounds "10"]
[EventCountry "BRA"]

1. e4 c5 2. Nf3 Nc6 3. d4 cxd4 4. Nxd4 Nf6 5. Nc3 e5 6. Ndb5 d6 7. Bg5 a6 8.
Na3 b5 9. Nd5 Be7 10. Bxf6 Bxf6 11. c4 b4 12. Nc2 a5 13. g3 Bg5 14. Bg2 Rb8 15.
b3 Ne7 16. Nde3 O-O 17. O-O Qb6 18. Qd3 Be6 19. Rad1 Rbd8 20. f4 exf4 21. gxf4
Bf6 22. Kh1 Rfe8 23. Qe2 Bc8 24. Qf3 Bb7 25. Qg3 Bc3 26. Rd3 Kh8 27. Rg1 g6 28.
Qh4 Ng8 29. Nd5 Bxd5 30. Rxd5 Nf6 31. Rb5 Qa6 32. Qg5 Kg7 33. Ne3 Qa7 34. Nf5+
Kh8 35. e5 Nh5 36. Rb7 Qc5 37. Rxf7 Rf8 38. Rxh7+ Kxh7 39. Qh6+ Kg8 40. Qxg6+
1-0

[Event "IX Floripa Chess Open Fort Atacadista"]
[Site "Florianópolis - Santa Catari"]
[Date "2023.01.27"]
[Round "8.29"]
[White "Zacarias, M Ruben D"]
[Black "Goncalves, Nata"]
[Result "1-0"]
[WhiteElo "2176"]
[BlackElo "2013"]
[PlyCount "53"]
[EventDate "2023.01.23"]
[EventRounds "10"]
[EventCountry "BRA"]

1. e4 e5 2. Nf3 Nc6 3. d4 exd4 4. Nxd4 Nf6 5. Nxc6 bxc6 6. Qe2 Qe7 7. Nc3 d5 8.
exd5 Qxe2+ 9. Bxe2 cxd5 10. Nb5 Bb4+ 11. c3 Ba5 12. Bf4 Kd7 13. O-O-O c6 14.
Nd4 Bc7 15. Be3 g6 16. Bf3 Rb8 17. c4 Bb7 18. Nb3 Bd6 19. Bxa7 Ra8 20. Bd4 Be7
21. Bxf6 Bxf6 22. cxd5 Kc7 23. dxc6 Bxc6 24. Bxc6 Kxc6 25. Kb1 Rhe8 26. Rhe1
Rad8 27. Kc2 1-0

[Event "IX Floripa Chess Open Fort Atacadista"]
[Site "Florianópolis - Santa Catari"]
[Date "2023.01.27"]
[Round "8.30"]
[White "Carvalho, Guillermo"]
[Black "Soares, Renan Barbosa Monte"]
[Result "1/2-1/2"]
[WhiteElo "2154"]
[BlackElo "1941"]
[PlyCount "28"]
[EventDate "2023.01.23"]
[EventRounds "10"]
[EventCountry "BRA"]

1. c4 Nf6 2. Nc3 g6 3. e4 d6 4. g3 Bg7 5. Bg2 O-O 6. Nge2 c5 7. O-O Nc6 8. d3
Bd7 9. h3 Rb8 10. Rb1 a6 11. a4 Ne8 12. Be3 Nd4 13. b4 b6 14. b5 a5 1/2-1/2

[Event "IX Floripa Chess Open Fort Atacadista"]
[Site "Florianópolis - Santa Catari"]
[Date "2023.01.27"]
[Round "8.31"]
[White "De Souza, Felipe Guimaraes"]
[Black "De Oliveira, Gustavo Alfredo Bue"]
[Result "1/2-1/2"]
[WhiteElo "1943"]
[BlackElo "2150"]
[PlyCount "96"]
[EventDate "2023.01.23"]
[EventRounds "10"]
[EventCountry "BRA"]

1. Nf3 d5 2. c4 c6 3. g3 Nf6 4. Bg2 Bf5 5. cxd5 cxd5 6. Qb3 Qc8 7. Nc3 e6 8. d3
Nc6 9. O-O Be7 10. Bf4 O-O 11. Rac1 Qd7 12. Nb5 Rfc8 13. h3 a6 14. Nbd4 Nxd4
15. Nxd4 Bg6 16. Nf3 Rxc1 17. Rxc1 Rc8 18. Rc3 Rxc3 19. Qxc3 Ne8 20. Ne5 Qd8
21. h4 Bd6 22. Bf3 Bxe5 23. Bxe5 f6 24. Bd4 e5 25. Bc5 Bf7 26. e3 Qd7 27. Kg2
Be6 28. Qb4 Qc6 29. h5 Nc7 30. a4 Bd7 31. Bb6 Be6 32. h6 gxh6 33. a5 Qd7 34.
Qh4 Kg7 35. Bc5 Ne8 36. Qb4 Bf5 37. Bf8+ Kf7 38. Qc5 e4 39. dxe4 Bxe4 40. Bxe4
dxe4 41. Bxh6 Kg6 42. Bf8 Nc7 43. Qc4 Ne6 44. Qxe4+ f5 45. Qb4 Qc6+ 46. Kg1
Qc1+ 47. Kg2 Qc6+ 48. Kg1 Qc1+ 1/2-1/2

[Event "IX Floripa Chess Open Fort Atacadista"]
[Site "Florianópolis - Santa Catari"]
[Date "2023.01.27"]
[Round "8.33"]
[White "Burgos, Marcelo Alves"]
[Black "Barrientos, Ernesto"]
[Result "0-1"]
[WhiteElo "2143"]
[BlackElo "1934"]
[PlyCount "122"]
[EventDate "2023.01.23"]
[EventRounds "10"]
[EventCountry "BRA"]

1. d4 Nf6 2. Nc3 d5 3. Bf4 a6 4. e3 e6 5. Nf3 c5 6. dxc5 Bxc5 7. Bd3 Nc6 8. O-O
O-O 9. e4 dxe4 10. Nxe4 Be7 11. Qe2 Nd5 12. Bg3 f5 13. Rad1 fxe4 14. Bxe4 Qe8
15. Rxd5 exd5 16. Bxd5+ Kh8 17. Re1 Bg4 18. Bxc6 Qxc6 19. Qxe7 Bxf3 20. gxf3
Rae8 21. Qb4 Rxe1+ 22. Qxe1 Qxc2 23. Be5 Qg6+ 24. Kh1 Rxf3 25. Qd1 Qe4 26. Kg1
Rd3 27. Qh5 Qg6+ 28. Qxg6 hxg6 29. Kg2 g5 30. f3 Kh7 31. Kg3 Kg6 32. Kg4 Rd5
33. Bc3 Rc5 34. a3 Rc4+ 35. Kg3 Kf7 36. Kh3 g6 37. Kg3 Ke6 38. Bg7 a5 39. Bc3
a4 40. Bg7 b5 41. Bh8 Rf4 42. Bc3 Kd5 43. Bd2 Rf5 44. Kg4 Kc4 45. Bxg5 Kb3 46.
h4 Rf7 47. Be3 Kxb2 48. Bc5 Rf5 49. Be7 Kb3 50. Bd6 Kc4 51. Be7 Kd5 52. Bb4 Ke6
53. f4 Rd5 54. Bf8 Rd3 55. Bb4 Rb3 56. Bf8 b4 57. axb4 a3 58. Bg7 a2 59. Kg5
Rg3+ 60. Kh6 Kf5 61. b5 Rb3 0-1

[Event "IX Floripa Chess Open Fort Atacadista"]
[Site "Florianópolis - Santa Catari"]
[Date "2023.01.27"]
[Round "8.34"]
[White "Seccafim, Caic Dos Santos"]
[Black "Saito, Vinicius"]
[Result "1/2-1/2"]
[WhiteElo "1936"]
[BlackElo "2138"]
[PlyCount "51"]
[EventDate "2023.01.23"]
[EventRounds "10"]
[EventCountry "BRA"]

1. e4 c5 2. Nf3 e6 3. Nc3 Nc6 4. d4 cxd4 5. Nxd4 Nf6 6. a3 a6 7. Be2 Qc7 8. Be3
Be7 9. O-O d6 10. f4 Bd7 11. Bf3 Nxd4 12. Qxd4 Bc6 13. Qb6 Qxb6 14. Bxb6 Rc8
15. Rad1 Nd7 16. Bd4 O-O 17. Rd2 b5 18. g3 Rfd8 19. Kg2 Rb8 20. Ra1 Rdc8 21.
Nd1 Nb6 22. Ne3 Ba8 23. Bc3 Nc4 24. Nxc4 Rxc4 25. Re1 Rbc8 26. Ree2 1/2-1/2

[Event "IX Floripa Chess Open Fort Atacadista"]
[Site "Florianópolis - Santa Catari"]
[Date "2023.01.27"]
[Round "8.35"]
[White "Moura, Eduardo Eugenio Cha"]
[Black "Benitez, Andres"]
[Result "1-0"]
[WhiteElo "2127"]
[BlackElo "1980"]
[PlyCount "63"]
[EventDate "2023.01.23"]
[EventRounds "10"]
[EventCountry "BRA"]

1. e4 e5 2. Nf3 Nc6 3. Nc3 Nf6 4. d4 exd4 5. Nxd4 Bc5 6. Be3 Nxd4 7. Bxd4 Qe7
8. Be2 Bxd4 9. Qxd4 d6 10. f4 O-O 11. O-O-O Bd7 12. Bf3 Bc6 13. Rhe1 Rfd8 14.
g4 Nd7 15. g5 Nf8 16. Bg4 Ng6 17. Nd5 Bxd5 18. exd5 Qf8 19. Re3 Re8 20. Rde1
Rxe3 21. Qxe3 c6 22. dxc6 bxc6 23. Bd7 c5 24. Bc6 Rc8 25. Bd5 Rc7 26. f5 Ne7
27. Qe4 Nxd5 28. Qxd5 Rc8 29. Qe4 Qd8 30. f6 gxf6 31. gxf6 Qxf6 32. Qg4+ 1-0